[Event "DVM U20w 2015"]
[Site "Osnabrück GER"]
[Date "2015.12.28"]
[Round "4"]
[White "Schumann, Rabea"]
[Black "Leinemann, Vivien Sophie"]
[Result "1-0"]
[Termination "normal"]
[Board "6.1"]
[WhiteElo "1838"]
[BlackElo "1635"]
[WhiteTeam "SG Güstrow/Teterow"]
[BlackTeam "Hamburger SK von 1830"]
[PlyCount "107"]
[WhiteFideId "12918199"]
[BlackFideId "16208536"]
[EventCountry "GER"]
[EventRounds "7"]
[EventType "team-swiss"]
[EventDate "2015.12.26"]

1. c4 e5 2. g3 Nf6 3. Bg2 d5 4. cxd5 Nxd5 5. Nc3 Nb6 6. Nf3 Nc6 7. d3 Be7 8. a3
a5 9. O-O Be6 10. b3 O-O 11. Bb2 f6 12. Qc2 Qe8 13. Nb5 Qf7 14. Nd2 Nd5 15.
Bxd5 Bxd5 16. Nxc7 Rac8 17. Nxd5 Qxd5 18. Qc4 Rfd8 19. Qxd5+ Rxd5 20. Nc4 Rc5
21. Rfc1 Nd4 22. Bxd4 exd4 23. b4 axb4 24. axb4 Rb5 25. Na3 Rxc1+ 26. Rxc1 Rxb4
27. Rc8+ Kf7 28. Nc2 Rb1+ 29. Kg2 Rc1 30. Rc4 b5 31. Rc6 b4 32. Nxb4 Rxc6 33.
Nxc6 Bc5 34. Kf3 f5 35. e3 dxe3 36. fxe3 Kf6 37. d4 Bd6 38. e4 fxe4+ 39. Kxe4
h5 40. Kd5 Bc7 41. Ne5 g5 42. Ke4 h4 43. g4 Ke6 44. h3 Bd6 45. Nf3 Bf4 46. d5+
Kf6 47. Kd4 Ke7 48. Ne5 Kf6 49. Nc4 Bg3 50. Ke4 Bf4 51. d6 Ke6 52. d7 Kxd7 53.
Kf5 Ke7 54. Ne5 1-0

[Event "DVM U20w 2015"]
[Site "Osnabrück GER"]
[Date "2015.12.28"]
[Round "4"]
[White "Voß, Henrike"]
[Black "Zoll, Cindy"]
[Result "1-0"]
[Termination "normal"]
[Board "6.2"]
[WhiteElo "1535"]
[BlackElo "1272"]
[WhiteTeam "Hamburger SK von 1830"]
[BlackTeam "SG Güstrow/Teterow"]
[PlyCount "36"]
[WhiteFideId "12971910"]
[BlackFideId "12964638"]
[EventCountry "GER"]
[EventRounds "7"]
[EventType "team-swiss"]
[EventDate "2015.12.26"]

1. e4 e6 2. d4 d5 3. e5 c5 4. Nf3 Nc6 5. c3 Qb6 6. Be2 cxd4 7. cxd4 Nge7 8. b3
Nf5 9. Bb2 Bb4+ 10. Nc3 Nfxd4 11. O-O Nxf3+ 12. Bxf3 Nxe5 13. Be2 O-O 14. Nxd5
exd5 15. Bxe5 Qe6 16. Bb2 Bd7 17. Bf3 Bc6 18. Qd4 Ba5 1-0

[Event "DVM U20w 2015"]
[Site "Osnabrück GER"]
[Date "2015.12.28"]
[Round "4"]
[White "Jörs, Pia-Milena"]
[Black "Reich, Kristina"]
[Result "1/2-1/2"]
[Termination "normal"]
[Board "6.3"]
[WhiteElo "1565"]
[BlackElo "1636"]
[WhiteTeam "SG Güstrow/Teterow"]
[BlackTeam "Hamburger SK von 1830"]
[PlyCount "103"]
[WhiteFideId "12964646"]
[BlackFideId "12964719"]
[EventCountry "GER"]
[EventRounds "7"]
[EventType "team-swiss"]
[EventDate "2015.12.26"]

1. d4 Nf6 2. c4 d5 3. Nc3 c6 4. Nf3 Bf5 5. e3 e6 6. Be2 Bb4 7. a3 Bxc3+ 8. bxc3
Ne4 9. Bb2 Qa5 10. Qb3 Qb6 11. Qxb6 axb6 12. cxd5 exd5 13. c4 dxc4 14. Bxc4 O-O
15. Rd1 Nd6 16. Be2 Rd8 17. Rc1 Na6 18. O-O Nc7 19. Ra1 b5 20. Rfc1 f6 21. Ne1
Ne6 22. f3 Nc7 23. e4 Be6 24. d5 Bd7 25. e5 fxe5 26. dxc6 Bxc6 27. Bxe5 Na6 28.
Rab1 Re8 29. Bxd6 Rxe2 30. Nc2 Rd2 31. Bf4 Rd3 32. Nb4 Nxb4 33. axb4 Ra4 34.
Bg3 Kf7 35. Be1 g6 36. Rd1 Rxd1 37. Rxd1 h5 38. Kf2 Ra2+ 39. Rd2 Ra1 40. Rd4
Ra2+ 41. Kg3 Re2 42. Bd2 Ke6 43. Bg5 Re5 44. h4 Kf7 45. Rf4+ Rf5 46. Rxf5+ gxf5
47. Kf4 Kg6 48. Ke5 Bd7 49. Kd6 Be8 50. Ke7 Bc6 51. Ke6 Be8 52. Ke5 1/2-1/2

[Event "DVM U20w 2015"]
[Site "Osnabrück GER"]
[Date "2015.12.28"]
[Round "4"]
[White "G., Diana"]
[Black "Eulitz, Charlotte"]
[Result "1/2-1/2"]
[Termination "normal"]
[Board "6.4"]
[WhiteElo "1328"]
[BlackElo "1457"]
[WhiteTeam "Hamburger SK von 1830"]
[BlackTeam "SG Güstrow/Teterow"]
[PlyCount "81"]
[WhiteFideId "12964700"]
[BlackFideId "12964654"]
[EventCountry "GER"]
[EventRounds "7"]
[EventType "team-swiss"]
[EventDate "2015.12.26"]

1. e4 e5 2. Nf3 Nc6 3. Bb5 a6 4. Ba4 Nf6 5. d3 d6 6. Nc3 h6 7. O-O Be7 8. a3
O-O 9. Bb3 Be6 10. Ne2 Bg4 11. Ng3 Nd4 12. Kh1 Nxb3 13. cxb3 Re8 14. h3 Be6 15.
Nh2 d5 16. f4 exf4 17. Bxf4 dxe4 18. dxe4 Qxd1 19. Raxd1 Bxb3 20. Rde1 c6 21.
Nf5 Bc5 22. e5 Nd5 23. Bg3 a5 24. Nd6 Re7 25. Ng4 Rf8 26. Ne4 Bd4 27. Nd6 Rb8
28. Bh4 Rd7 29. Nf5 Bc5 30. Bg3 h5 31. e6 fxe6 32. Bxb8 exf5 33. Ne5 Rd8 34.
Nd3 Bd4 35. Be5 Bb6 36. Rxf5 g6 37. Rg5 Kh7 38. h4 Be3 39. Rg3 Bc4 40. Rd1 Bb3
41. Re1 1/2-1/2

[Event "DVM U20w 2015"]
[Site "Osnabrück GER"]
[Date "2015.12.29"]
[Round "5"]
[White "Diederichs, Luise"]
[Black "Spangenberg, Romy"]
[Result "1-0"]
[Termination "normal"]
[Board "1.1"]
[WhiteElo "1964"]
[BlackElo "1859"]
[WhiteClock "00:56:37"]
[BlackClock "00:57:11"]
[WhiteTeam "TuRa Harksheide Norderstedt"]
[BlackTeam "Chemnitzer SC Aufbau`95"]
[PlyCount "75"]
[WhiteFideId "24692328"]
[BlackFideId "4627997"]
[EventCountry "GER"]
[EventRounds "7"]
[EventType "team-swiss"]
[EventDate "2015.12.26"]

1. d4 d5 2. c4 e6 3. Nc3 Nf6 4. Bg5 Be7 5. cxd5 exd5 6. e3 c6 7. Bd3 O-O 8. Qc2
h6 9. Bh4 Be6 10. Nge2 Re8 11. O-O Nbd7 12. Rad1 Rc8 13. Kh1 c5 14. dxc5 Nxc5
15. Bb5 Rf8 16. Nd4 a6 17. Bd3 b5 18. a3 Re8 19. Bf5 Qb6 20. Qe2 Nfd7 21. Bxe7
Rxe7 22. Rc1 Nf6 23. b4 Nb7 24. Bxe6 Rxc3 25. Rxc3 fxe6 26. Rc6 Qd8 27. Rxa6
Qe8 28. Qxb5 e5 29. Qxe8+ Rxe8 30. Nf3 Ne4 31. g3 Nbd6 32. Kg2 Nf5 33. Rd1 d4
34. exd4 exd4 35. g4 Ne3+ 36. fxe3 dxe3 37. Re1 Nf2 38. Rxe3 1-0

[Event "DVM U20w 2015"]
[Site "Osnabrück GER"]
[Date "2015.12.29"]
[Round "5"]
[White "Hartewig, Anja"]
[Black "Polert, Annika"]
[Result "1/2-1/2"]
[Termination "normal"]
[Board "1.2"]
[WhiteElo "1761"]
[BlackElo "1887"]
[WhiteClock "00:29:29"]
[BlackClock "00:20:03"]
[WhiteTeam "Chemnitzer SC Aufbau`95"]
[BlackTeam "TuRa Harksheide Norderstedt"]
[PlyCount "44"]
[WhiteFideId "12917966"]
[BlackFideId "24661597"]
[EventCountry "GER"]
[EventRounds "7"]
[EventType "team-swiss"]
[EventDate "2015.12.26"]

1. d4 d5 2. c4 c6 3. Nc3 e6 4. Nf3 Be7 5. cxd5 exd5 6. Qc2 Nf6 7. Bg5 Nbd7 8.
e3 O-O 9. Bd3 h6 10. Bh4 Re8 11. O-O Nf8 12. Rab1 a5 13. a3 Ne6 14. b4 axb4 15.
axb4 g5 16. Bg3 Bd6 17. Ne2 Nh5 18. Bh7+ Kf8 19. Bxd6+ Qxd6 20. Ne5 Neg7 21.
Qc5 Qxc5 22. bxc5 Nf6 1/2-1/2

[Event "DVM U20w 2015"]
[Site "Osnabrück GER"]
[Date "2015.12.29"]
[Round "5"]
[White "Rosmait, Emily"]
[Black "Nitzsche, Pia"]
[Result "1-0"]
[Termination "normal"]
[Board "1.3"]
[WhiteElo "1963"]
[BlackElo "1719"]
[WhiteClock "00:12:38"]
[BlackClock "00:08:54"]
[WhiteTeam "TuRa Harksheide Norderstedt"]
[BlackTeam "Chemnitzer SC Aufbau`95"]
[PlyCount "111"]
[WhiteFideId "12937754"]
[BlackFideId "12900370"]
[EventCountry "GER"]
[EventRounds "7"]
[EventType "team-swiss"]
[EventDate "2015.12.26"]

1. e4 c5 2. Nf3 d6 3. Bb5+ Bd7 4. Bxd7+ Qxd7 5. O-O Nc6 6. c4 Nf6 7. Nc3 g6 8.
d4 cxd4 9. Nxd4 Bg7 10. Nc2 O-O 11. f3 Rac8 12. Be3 Na5 13. b3 a6 14. Qd2 b5
15. cxb5 axb5 16. Rac1 Rfe8 17. Rfd1 Qb7 18. Nb4 Nc6 19. Nbd5 Ne5 20. Rc2 b4
21. Nxf6+ Bxf6 22. Nd5 Bg7 23. Rxc8 Rxc8 24. Qxb4 Qxb4 25. Nxb4 h6 26. Nd5 Re8
27. a4 e6 28. Nb6 Rd8 29. a5 Nc6 30. a6 Na7 31. Rc1 Bf8 32. Rc7 Nb5 33. Rc8 Be7
34. Rxd8+ Bxd8 35. Nc8 d5 36. exd5 exd5 37. a7 Nxa7 38. Nxa7 f5 39. Nc6 Bc7 40.
b4 f4 41. Bd4 Kf7 42. b5 Ke6 43. b6 Bxb6 44. Bxb6 h5 45. Bd4 g5 46. Ne5 Kf5 47.
h3 Ke6 48. Kf2 Kf5 49. Ke2 Ke6 50. Kd3 Kf5 51. Kc3 g4 52. hxg4+ hxg4 53. Nxg4
Kg5 54. Bf6+ Kf5 55. Kd4 Ke6 56. Be5 1-0

[Event "DVM U20w 2015"]
[Site "Osnabrück GER"]
[Date "2015.12.29"]
[Round "5"]
[White "Fischer, Franziska"]
[Black "Zimmermann, Jasmin"]
[Result "1/2-1/2"]
[Termination "normal"]
[Board "1.4"]
[WhiteElo "1773"]
[BlackElo "1721"]
[WhiteClock "00:15:32"]
[BlackClock "00:15:09"]
[WhiteTeam "Chemnitzer SC Aufbau`95"]
[BlackTeam "TuRa Harksheide Norderstedt"]
[PlyCount "51"]
[WhiteFideId "12924199"]
[BlackFideId "12900400"]
[EventCountry "GER"]
[EventRounds "7"]
[EventType "team-swiss"]
[EventDate "2015.12.26"]

1. d4 Nf6 2. e3 d6 3. Be2 g6 4. Nf3 Bg7 5. O-O O-O 6. c4 c5 7. Nc3 cxd4 8. exd4
Nbd7 9. Qc2 a5 10. Rd1 b6 11. h3 Ba6 12. b3 Rc8 13. Qd2 Bb7 14. Bb2 d5 15. Qe3
Re8 16. Ne5 dxc4 17. Bxc4 e6 18. Nb5 Bf8 19. Qf4 Nxe5 20. dxe5 Nd5 21. Qg3 Bc6
22. Na7 Rc7 23. Nxc6 Rxc6 24. Bb5 Rc2 25. Bxe8 Rxb2 26. Qc3 1/2-1/2

[Event "DVM U20w 2015"]
[Site "Osnabrück GER"]
[Date "2015.12.29"]
[Round "5"]
[White "Klek, Hanna Marie"]
[Black "Graf, Pia"]
[Result "1-0"]
[Termination "normal"]
[Board "2.1"]
[WhiteElo "2307"]
[BlackElo "1768"]
[WhiteTeam "SC Bechhofen 1923"]
[BlackTeam "USG Chemnitz"]
[PlyCount "43"]
[WhiteFideId "24670057"]
[BlackFideId "12917737"]
[EventCountry "GER"]
[EventRounds "7"]
[EventType "team-swiss"]
[EventDate "2015.12.26"]

1. e4 e6 2. d4 d5 3. Nd2 c5 4. exd5 exd5 5. Bb5+ Nc6 6. Ngf3 Nf6 7. O-O Bd6 8.
dxc5 Bxc5 9. Nb3 Be7 10. h3 O-O 11. Nbd4 Qb6 12. Bd3 Ne4 13. Nb3 Be6 14. Be3
Qc7 15. c3 f6 16. Nfd4 Bf7 17. Nf5 Bd8 18. Qg4 Bg6 19. Bxe4 Ne5 20. Bxd5+ Kh8
21. Qb4 Bxf5 22. Qxf8# 1-0

[Event "DVM U20w 2015"]
[Site "Osnabrück GER"]
[Date "2015.12.29"]
[Round "5"]
[White "Kluge, Leyla"]
[Black "Alsheimer, Lea"]
[Result "0-1"]
[Termination "normal"]
[Board "2.2"]
[WhiteElo "1604"]
[BlackElo "1624"]
[WhiteTeam "USG Chemnitz"]
[BlackTeam "SC Bechhofen 1923"]
[PlyCount "114"]
[WhiteFideId "12918172"]
[BlackFideId "12918180"]
[EventCountry "GER"]
[EventRounds "7"]
[EventType "team-swiss"]
[EventDate "2015.12.26"]

1. c4 e5 2. Nc3 Nc6 3. g3 f5 4. Bg2 Nf6 5. d3 Bb4 6. Bd2 Bxc3 7. Bxc3 d6 8. Nf3
O-O 9. O-O Qe8 10. Qc2 Qh5 11. b4 f4 12. b5 Nd8 13. Qd2 Bh3 14. e3 fxg3 15.
fxg3 Ng4 16. Rae1 Ne6 17. Bxh3 Qxh3 18. Qg2 Qh6 19. Bd2 Qg6 20. d4 exd4 21.
exd4 Rae8 22. Nh4 Rxf1+ 23. Qxf1 Qf6 24. Qxf6 Nxf6 25. d5 Nc5 26. Rxe8+ Nxe8
27. Be3 Kf7 28. Bd4 b6 29. Kf2 Nf6 30. Kf3 Nfe4 31. Kf4 g5+ 32. Kg4 gxh4 33.
Kxh4 Nd2 34. Kg4 Kg6 35. Kf4 Nxc4 36. h4 Na3 37. g4 h5 38. gxh5+ Kxh5 39. Bf6
Nxb5 40. Ke3 a5 41. Ke2 Ne4 42. Bb2 Nec3+ 43. Kd3 Nxd5 44. a4 Na7 45. Kc4 c6
46. Bg7 Kxh4 47. Bf8 Nc8 48. Bg7 Kg4 49. Kd4 Kf3 50. Kd3 Nb4+ 51. Kd4 Ke2 52.
Kc3 d5 53. Bd4 c5 54. Bf6 Nd6 55. Bg7 Ne4+ 56. Kb3 d4 57. Kc4 d3 0-1

[Event "DVM U20w 2015"]
[Site "Osnabrück GER"]
[Date "2015.12.29"]
[Round "5"]
[White "Böse, Carolin"]
[Black "Fuchs, Joline"]
[Result "1-0"]
[Termination "normal"]
[Board "2.3"]
[WhiteElo "1555"]
[BlackElo "1347"]
[WhiteTeam "SC Bechhofen 1923"]
[BlackTeam "USG Chemnitz"]
[PlyCount "31"]
[WhiteFideId "12929646"]
[BlackFideId "12964506"]
[EventCountry "GER"]
[EventRounds "7"]
[EventType "team-swiss"]
[EventDate "2015.12.26"]

1. e4 e5 2. Nf3 Nc6 3. Bc4 Bc5 4. O-O Nf6 5. d4 Bxd4 6. Nxd4 Nxd4 7. f4 Nc6 8.
Bxf7+ Kf8 9. fxe5 Nxe5 10. Bb3 Ke8 11. Bg5 Rf8 12. Nc3 c6 13. Bxf6 gxf6 14.
Qh5+ Nf7 15. Rae1 Qb6+ 16. Kh1 1-0

[Event "DVM U20w 2015"]
[Site "Osnabrück GER"]
[Date "2015.12.29"]
[Round "5"]
[White "Wienhold, Nadine"]
[Black "Böse, Christina"]
[Result "1-0"]
[Termination "normal"]
[Board "2.4"]
[WhiteElo "1375"]
[BlackElo "1570"]
[WhiteTeam "USG Chemnitz"]
[BlackTeam "SC Bechhofen 1923"]
[PlyCount "109"]
[WhiteFideId "12964514"]
[BlackFideId "12929654"]
[EventCountry "GER"]
[EventRounds "7"]
[EventType "team-swiss"]
[EventDate "2015.12.26"]

1. e4 c6 2. d4 d5 3. e5 Bf5 4. Nf3 e6 5. Be2 Nd7 6. Nbd2 c5 7. c4 Ne7 8. O-O
cxd4 9. Nxd4 Nxe5 10. cxd5 Qxd5 11. Qa4+ N7c6 12. Nxc6 Nxc6 13. Bf3 Qd7 14. Rd1
Qc7 15. Nc4 Be7 16. Na5 O-O 17. Nxc6 bxc6 18. Bxc6 Rac8 19. Be4 Bxe4 20. Qxe4
Rfd8 21. Be3 Rxd1+ 22. Rxd1 Qc2 23. Qxc2 Rxc2 24. Rd7 Rxb2 25. g3 Bf6 26. Rxa7
h6 27. a4 Rb1+ 28. Kg2 Kf8 29. a5 Bd8 30. a6 Rb8 31. Rb7 Rxb7 32. axb7 Bc7 33.
Ba7 Ke7 34. b8=Q Bxb8 35. Bxb8 g6 36. Bf4 h5 37. Kf3 Kd7 38. Ke4 f6 39. h4 Ke7
40. f3 Kd7 41. g4 hxg4 42. fxg4 Ke7 43. g5 Kf7 44. gxf6 Kxf6 45. Bg5+ Kg7 46.
Ke5 Kf7 47. Kd6 e5 48. Kxe5 Kg7 49. Ke6 Kh7 50. Kf6 Kh8 51. Kxg6 Kg8 52. h5 Kh8
53. h6 Kg8 54. h7+ Kh8 55. Bf6# 1-0

[Event "DVM U20w 2015"]
[Site "Osnabrück GER"]
[Date "2015.12.29"]
[Round "5"]
[White "Wiesner, Paula"]
[Black "Hund, Sarah"]
[Result "1/2-1/2"]
[Termination "normal"]
[Board "3.1"]
[WhiteElo "2029"]
[BlackElo "1881"]
[WhiteTeam "Karlsruher SF 1853"]
[BlackTeam "SK Freiburg Zähringen 1887"]
[PlyCount "88"]
[WhiteFideId "24654019"]
[BlackFideId "12923338"]
[EventCountry "GER"]
[EventRounds "7"]
[EventType "team-swiss"]
[EventDate "2015.12.26"]

1. d4 Nf6 2. c4 e6 3. Nc3 Bb4 4. e3 c5 5. Nge2 Nc6 6. a3 cxd4 7. axb4 dxc3 8.
bxc3 O-O 9. Nf4 b6 10. Be2 Bb7 11. O-O Qc7 12. b5 Ne5 13. Ba3 Nxc4 14. Bxf8
Kxf8 15. Qb3 Ne5 16. Qb4+ Ke8 17. Rad1 Ne4 18. Nh5 d6 19. Rc1 Rc8 20. Rfd1 g6
21. Ng3 Nc5 22. Ra1 Ba8 23. Qa3 Qb7 24. f3 Rc7 25. Rxd6 g5 26. c4 f6 27. h3 Ke7
28. Rdd1 Rc8 29. Rd2 Nf7 30. Rd4 e5 31. Nf5+ Kf8 32. Nd6 Qd7 33. Rdd1 Rd8 34.
Ne4 Qe7 35. Qb2 Rxd1+ 36. Bxd1 f5 37. Nxc5 bxc5 38. g3 f4 39. gxf4 gxf4 40.
exf4 Nd6 41. h4 Kg7 42. Qc3 Nf7 43. Bb3 Qe6 44. fxe5 Qxe5 1/2-1/2

[Event "DVM U20w 2015"]
[Site "Osnabrück GER"]
[Date "2015.12.29"]
[Round "5"]
[White "Denz, Annika"]
[Black "Mangei, Jasmin"]
[Result "1/2-1/2"]
[Termination "normal"]
[Board "3.2"]
[WhiteElo "1648"]
[BlackElo "1890"]
[WhiteTeam "SK Freiburg Zähringen 1887"]
[BlackTeam "Karlsruher SF 1853"]
[PlyCount "113"]
[WhiteFideId "12922935"]
[BlackFideId "12951803"]
[EventCountry "GER"]
[EventRounds "7"]
[EventType "team-swiss"]
[EventDate "2015.12.26"]

1. h4 e5 2. d4 exd4 3. Nf3 Nc6 4. Nxd4 Nf6 5. Bg5 h6 6. Bf4 Bc5 7. e3 d6 8. Bb5
Bd7 9. Nc3 Ne5 10. Bxe5 dxe5 11. Nb3 Bb4 12. Bxd7+ Qxd7 13. Qxd7+ Nxd7 14. Ke2
Bxc3 15. bxc3 O-O-O 16. a4 Nf6 17. f3 Rd6 18. c4 Rhd8 19. Rab1 Nd7 20. a5 Rc6
21. Nd2 Nc5 22. Rb4 Rcd6 23. Nb1 b6 24. axb6 cxb6 25. Rb2 Kb7 26. Ra2 a5 27.
Kf2 Kc6 28. Nc3 Rd2+ 29. Kg3 R8d6 30. Rg1 f5 31. Nd5 Re6 32. Kh3 Na6 33. Rb1
Kc5 34. Ra4 Nb4 35. Nxb4 axb4 36. Raxb4 Rxc2 37. Rb5+ Kxc4 38. R5b4+ Kd5 39.
Rb5+ Rc5 40. Rd1+ Kc6 41. Rxc5+ Kxc5 42. Rc1+ Kd6 43. Re1 Ke7 44. Kg3 g5 45.
Rd1 Kf6 46. Re1 Rd6 47. hxg5+ Kxg5 48. Kf2 h5 49. g3 Rd2+ 50. Kf1 h4 51. Kg1 e4
52. gxh4+ Kxh4 53. Kf1 exf3 54. Rc1 Rd6 55. Kf2 Rf6 56. Re1 Rf7 57. Kxf3
1/2-1/2

[Event "DVM U20w 2015"]
[Site "Osnabrück GER"]
[Date "2015.12.29"]
[Round "5"]
[White "Antusch, Isabella"]
[Black "Bykov, Ilona"]
[Result "1-0"]
[Termination "normal"]
[Board "3.4"]
[WhiteElo "1139"]
[BlackElo "1257"]
[WhiteTeam "SK Freiburg Zähringen 1887"]
[BlackTeam "Karlsruher SF 1853"]
[PlyCount "173"]
[WhiteFideId "12963941"]
[BlackFideId "12964433"]
[EventCountry "GER"]
[EventRounds "7"]
[EventType "team-swiss"]
[EventDate "2015.12.26"]

1. e4 e5 2. Nf3 Nc6 3. d4 exd4 4. Nxd4 Bc5 5. Nxc6 Qf6 6. Qe2 dxc6 7. Nc3 Be6
8. Be3 Bb4 9. Bd2 Qe5 10. g3 Nf6 11. Bg2 O-O-O 12. O-O Bg4 13. Qe3 Kb8 14. Kh1
Qd6 15. Be1 Qe6 16. Na4 Bd6 17. f3 Bh3 18. Bxh3 Qxh3 19. Bf2 b6 20. e5 Nd5 21.
Qe4 Be7 22. a3 Bg5 23. Rae1 Qe6 24. f4 Bh6 25. c4 Ne7 26. Rd1 f6 27. Rfe1 Rde8
28. exf6 Qxf6 29. Qc2 Kc8 30. Rd2 g5 31. Bd4 Qf7 32. Bxh8 Rxh8 33. fxg5 Bxg5
34. Rde2 Ng6 35. Rf2 Qd7 36. Qf5 Bh6 37. Qxd7+ Kxd7 38. Rf6 Bg5 39. Rf5 Bh6 40.
b4 Bf8 41. c5 Kd8 42. Nb2 Bg7 43. Nd3 Kc8 44. Nf4 Nxf4 45. Rxf4 Bb2 46. Rf3 Rd8
47. Rb3 Bf6 48. Rf1 Be5 49. Rf7 Rh8 50. cxb6 axb6 51. a4 Kb7 52. Kg2 h6 53. Re3
Bd6 54. Re4 b5 55. Rd4 Kb8 56. a5 c5 57. bxc5 Bxc5 58. Rd5 Bd6 59. Rxb5+ Ka7
60. Rd5 Bb4 61. Rxc7+ Ka6 62. Rc4 Ba3 63. Rc6+ Kb7 64. Rb6+ Ka7 65. Rd7+ Ka8
66. a6 Bc5 67. Rbb7 Be3 68. a7 Bc5 69. Rb8+ Rxb8 70. axb8=Q+ Kxb8 71. Rh7 Be3
72. h4 Kc8 73. Kf3 Bd2 74. g4 Kd8 75. Ke4 Ke8 76. Kf5 Kf8 77. Kg6 Kg8 78. Rc7
Bb4 79. Kxh6 Bd6 80. Rd7 Bc5 81. Kg6 Kf8 82. h5 Bb4 83. h6 Bc3 84. Kf5 Kg8 85.
g5 Bb2 86. g6 Bc3 87. Rd8# 1-0

[Event "DVM U20w 2015"]
[Site "Osnabrück GER"]
[Date "2015.12.29"]
[Round "5"]
[White "Zoll, Cindy"]
[Black "Koch, Elisabeth"]
[Result "0-1"]
[Termination "normal"]
[Board "4.2"]
[WhiteElo "1272"]
[BlackElo "1682"]
[WhiteTeam "SG Güstrow/Teterow"]
[BlackTeam "BSV 63 Chemie Weißensee"]
[PlyCount "86"]
[WhiteFideId "12964638"]
[BlackFideId "24695068"]
[EventCountry "GER"]
[EventRounds "7"]
[EventType "team-swiss"]
[EventDate "2015.12.26"]

1. f4 d5 2. e3 Nf6 3. d4 Bf5 4. Nf3 h6 5. Be2 e6 6. Ne5 Nbd7 7. Nd2 Nxe5 8.
fxe5 Ne4 9. Nxe4 Bxe4 10. Bf3 Bh7 11. O-O Be7 12. c3 O-O 13. Qe2 c5 14. Bd2 c4
15. e4 b5 16. Qe1 Qd7 17. exd5 exd5 18. Qg3 Bg6 19. Bg4 Qc6 20. Rf2 a5 21. Raf1
b4 22. Bf5 Kh7 23. h4 Bxf5 24. Rxf5 Qg6 25. Qxg6+ fxg6 26. Rxf8 Rxf8 27. g3
bxc3 28. bxc3 Rb8 29. Bc1 Rb1 30. Be3 Rb2 31. Rf2 Rb7 32. Kg2 Kg8 33. Rf3 a4
34. Bc1 Rb1 35. Be3 Re1 36. Bg1 Rc1 37. Bh2 Rc2+ 38. Kh3 Rxa2 39. g4 Bxh4 40.
Kxh4 Rxh2+ 41. Kg3 Re2 42. Kf4 g5+ 43. Kg3 a3 0-1

[Event "DVM U20w 2015"]
[Site "Osnabrück GER"]
[Date "2015.12.29"]
[Round "5"]
[White "Greßmann, Hanna"]
[Black "Jörs, Pia-Milena"]
[Result "1-0"]
[Termination "normal"]
[Board "4.3"]
[WhiteElo "1731"]
[BlackElo "1565"]
[WhiteTeam "BSV 63 Chemie Weißensee"]
[BlackTeam "SG Güstrow/Teterow"]
[PlyCount "79"]
[WhiteFideId "12930709"]
[BlackFideId "12964646"]
[EventCountry "GER"]
[EventRounds "7"]
[EventType "team-swiss"]
[EventDate "2015.12.26"]

1. e4 e5 2. Nf3 Nc6 3. Bc4 Bc5 4. c3 Nf6 5. d3 h6 6. O-O O-O 7. Nbd2 d6 8. Re1
a6 9. Bb3 b5 10. Nf1 Na5 11. Bc2 Bb6 12. Ng3 c5 13. h3 Nc6 14. Be3 d5 15. exd5
Nxd5 16. Bc1 Re8 17. Nh2 Nf6 18. Qf3 Qd5 19. Ne4 Nxe4 20. dxe4 Qd6 21. Qg3 Qf6
22. Re3 g5 23. h4 Qf4 24. hxg5 hxg5 25. Rf3 Qxg3 26. Rxg3 f6 27. Rd3 Rd8 28.
Rxd8+ Bxd8 29. Be3 Be7 30. Rd1 Be6 31. a4 Kf7 32. Nf3 Na5 33. axb5 axb5 34. Ra1
b4 35. cxb4 cxb4 36. Bb6 Bd6 37. Bd3 g4 38. Nxe5+ fxe5 39. Rxa5 Rb8 40. Bc7 1-0

[Event "DVM U20w 2015"]
[Site "Osnabrück GER"]
[Date "2015.12.29"]
[Round "5"]
[White "Eulitz, Charlotte"]
[Black "Alcer, Johanna"]
[Result "1-0"]
[Termination "normal"]
[Board "4.4"]
[WhiteElo "1457"]
[BlackElo "1187"]
[WhiteTeam "SG Güstrow/Teterow"]
[BlackTeam "BSV 63 Chemie Weißensee"]
[PlyCount "95"]
[WhiteFideId "12964654"]
[BlackFideId "12964450"]
[EventCountry "GER"]
[EventRounds "7"]
[EventType "team-swiss"]
[EventDate "2015.12.26"]

1. e4 e5 2. Nf3 Nf6 3. Bc4 Bc5 4. c3 Nc6 5. d4 exd4 6. e5 d5 7. Bb5 Nd7 8. cxd4
Bb4+ 9. Bd2 a6 10. Bd3 O-O 11. O-O Re8 12. Bf4 Nf8 13. Nc3 Bg4 14. Be2 Ne6 15.
Be3 Ne7 16. Qb3 Ba5 17. Rad1 c6 18. Rd2 Bb6 19. Ng5 Bxe2 20. Nxe6 fxe6 21. Nxe2
Nf5 22. f4 Rc8 23. Kh1 Ba7 24. Rc1 Qe7 25. Bf2 Rf8 26. Ng3 g6 27. Rc3 b5 28. a3
g5 29. Nxf5 Rxf5 30. fxg5 Rxg5 31. Rg3 Rxg3 32. Qxg3+ Qg7 33. Qh3 Qf7 34. Qg3+
Qg7 35. Qh3 Qf7 36. b4 Bb6 37. Qg4+ Qg7 38. Qxg7+ Kxg7 39. Rd3 Kg8 40. g4 Rf8
41. Kg2 h6 42. Kg3 Rf4 43. h3 Kg7 44. g5 Kg6 45. Rf3 Rxf3+ 46. Kxf3 hxg5 47.
Be3 Kh6 48. Kg4 1-0

[Event "DVM U20w 2015"]
[Site "Osnabrück GER"]
[Date "2015.12.29"]
[Round "5"]
[White "Peters, Theresa"]
[Black "Wagner, Swenja"]
[Result "1-0"]
[Termination "normal"]
[Board "5.1"]
[WhiteElo "1722"]
[BlackElo "1727"]
[WhiteTeam "SV 1919 Grimma"]
[BlackTeam "Leegebrucher SF"]
[PlyCount "85"]
[WhiteFideId "12952192"]
[BlackFideId "12900494"]
[EventCountry "GER"]
[EventRounds "7"]
[EventType "team-swiss"]
[EventDate "2015.12.26"]

1. e4 e5 2. Nf3 Nc6 3. Bb5 Nf6 4. O-O Nxe4 5. Re1 Nd6 6. Nxe5 Be7 7. Bf1 Nxe5
8. Rxe5 O-O 9. d4 Bf6 10. Re1 Nf5 11. c3 d5 12. Bd3 Re8 13. Bf4 Bd7 14. Rxe8+
Qxe8 15. Bxc7 Qe7 16. Nd2 Rc8 17. Bf4 b5 18. Qb3 Bg5 19. Bxg5 Qxg5 20. Nf3 Qe7
21. Qxd5 Nd6 22. Qh5 h6 23. Re1 Qf6 24. Ne5 Be6 25. a3 a6 26. Re3 a5 27. Rf3
Qe7 28. Rg3 Qf6 29. Ng4 Bxg4 30. Qxg4 Re8 31. Re3 Rd8 32. Re5 Rb8 33. Qe2 Qf4
34. Qe3 Qxe3 35. Rxe3 Nc4 36. Re2 Nd6 37. g3 b4 38. axb4 axb4 39. c4 Rd8 40. c5
Ne8 41. d5 Nf6 42. d6 Kf8 43. Bb5 1-0

[Event "DVM U20w 2015"]
[Site "Osnabrück GER"]
[Date "2015.12.29"]
[Round "5"]
[White "Wolff, Marie"]
[Black "Neumann, Isabel"]
[Result "1-0"]
[Termination "normal"]
[Board "5.2"]
[WhiteElo "1703"]
[BlackElo "1644"]
[WhiteTeam "Leegebrucher SF"]
[BlackTeam "SV 1919 Grimma"]
[PlyCount "153"]
[WhiteFideId "12908258"]
[BlackFideId "12964468"]
[EventCountry "GER"]
[EventRounds "7"]
[EventType "team-swiss"]
[EventDate "2015.12.26"]

1. c4 e5 2. Nc3 d6 3. Nf3 f5 4. d3 Nf6 5. e3 Be7 6. Bd2 O-O 7. Qc2 c6 8. g3 Qe8
9. Bg2 Na6 10. a3 Kh8 11. b4 Nc7 12. O-O Qh5 13. Rfe1 Ng4 14. Ne2 Ne6 15. h3
Nf6 16. Kf1 g5 17. Nfg1 Qf7 18. f4 gxf4 19. exf4 Nh5 20. Be3 Qg6 21. Bf2 Rg8
22. Nf3 exf4 23. d4 Nxg3+ 24. Nxg3 fxg3 25. Bg1 Bf6 26. Rad1 Nf4 27. d5 cxd5
28. cxd5 Nxg2 29. Kxg2 Qh5 30. Bd4 Bxd4 31. Rxd4 f4 32. Rh1 Qf7 33. Qd2 Rf8 34.
Rf1 Qh5 35. Rh1 Qf5 36. Nh4 Qf6 37. Nf3 Bd7 38. Rc1 Qf5 39. Kg1 Qxh3 40. Rxf4
Rxf4 41. Qxf4 Qg4 42. Qf6+ Kg8 43. Rc7 h6 44. Qxd6 Qxf3 45. Qg6+ Kf8 46. Qxh6+
Ke8 47. Qh8+ Qf8 48. Qxf8+ Kxf8 49. Rxd7 a6 50. Rxb7 Rd8 51. Ra7 Rxd5 52. Rxa6
Rd3 53. b5 Rb3 54. a4 Ke7 55. b6 Kd8 56. Ra8+ Kd7 57. a5 Kc6 58. Rc8+ Kd7 59.
Rc7+ Kd6 60. Rh7 Kc6 61. Kg2 Rb5 62. Rc7+ Kd6 63. Ra7 Kc6 64. Kxg3 Rb4 65. Kf3
Rb5 66. Ke4 Rb4+ 67. Ke5 Rb5+ 68. Ke6 Rb2 69. Ke7 Re2+ 70. Kd8 Rd2+ 71. Kc8 Rh2
72. Rc7+ Kb5 73. Rd7 Rc2+ 74. Kb8 Rc6 75. Kb7 Rh6 76. Rd5+ Kc4 77. Rg5 1-0